[Event "Sachsen-Anhalt 1-Blindenschachbund"]
[Site "?"]
[Date "2015.09.10"]
[Round "5.3"]
[White "Heinich, Manfred"]
[Black "Schmidt, Joerg"]
[Result "0-1"]
[BlackElo "2111"]
[EventDate "2015.??.??"]
[PlyCount "66"]
[WhiteElo "1974"]

1. d4 Nf6 2. c4 c5 3. d5 b5 4. cxb5 a6 5. bxa6 Bxa6 6. Nc3 d6 7. Nf3 g6 8. e4
Bxf1 9. Kxf1 Bg7 10. g3 O-O 11. Kg2 Nbd7 12. a4 Ng4 13. Qe2 Nge5 14. Nxe5 Nxe5
15. f4 Nd7 16. Be3 Qa5 17. Qb5 Rfb8 18. Qxa5 Rxb2+ 19. Kf3 Rxa5 20. Ne2 Nb6 21.
Rhb1 Rxa4 22. e5 Rxb1 23. Rxb1 Nxd5 24. Rb8+ Bf8 25. exd6 exd6 26. Bc1 Rb4 27.
Rd8 Kg7 28. g4 Rb3+ 29. Kf2 Be7 30. Rd7 Bh4+ 31. Kg2 Ne3+ 32. Kh3 Be1 33. Rxd6
Nc4+  0-1

[Event "Sachsen-Anhalt 1-Blindenschachbund"]
[Site "?"]
[Date "2015.09.10"]
[Round "5.4"]
[White "Bauer, Burkhard"]
[Black "Jagdhuber, Hans"]
[Result "1/2-1/2"]
[BlackElo "2016"]
[EventDate "2015.??.??"]
[PlyCount "90"]
[WhiteElo "2052"]

1. d4 Nf6 2. Bf4 g6 3. Nf3 Bg7 4. c4 d6 5. Nc3 Nbd7 6. h3 c6 7. e3 O-O 8. Be2
Re8 9. O-O Nh5 10. Bh2 e5 11. dxe5 dxe5 12. Ne4 Qe7 13. Qd6 Nhf6 14. Qxe7 Rxe7
15. Nd6 Re6 16. Rfd1 Bf8 17. Nxc8 Rxc8 18. g4 h6 19. h4 Bd6 20. g5 Ng4 21. Bg3
h5 22. c5 Nxc5 23. Bc4 Rce8 24. Bxe6 Rxe6 25. Nh2 Nxh2 26. Bxh2 Kf8 27. Rac1 Ke7
28. Kg2 Nd7 29. Rc2 Bc7 30. Rcd2 Rd6 31. Rxd6 Bxd6 32. f4 Ke6 33. Kf3 Ke7 34. a3
exf4 35. exf4 Nb6 36. Re1+ Kd7 37. Bg1 Nd5 38. Be3 a5 39. Bd4 a4 40. Ke4 Nc7 41.
Bc3 Nd5 42. Rd1 Ke6 43. Be1 Be7 44. Kf3 Bd6 45. Bf2 Bf8  1/2-1/2